| 000 | 00000nam 2200000za 4500 |
| 001 | 9.800601 |
| 003 | CaOODSP |
| 005 | 20250505104557 |
| 007 | cr ||||||||||| |
| 008 | 150508s2015 xxc|||||o f|0| 0 per d |
| 020 | |a978-0-662-03897-9 |
| 040 | |aCaOODSP|bfre |
| 043 | |an-cn--- |
| 086 | 1 |aPS38-49/2015Per-PDF|zPS38-49/2015Pe-PDF |
| 245 | 00|a[Renseignements à l'intention des personnes détenues en vertu de la Loi sur l'immigration et la protection des réfugiés] |h[ressource électronique]. |
| 250 | |a[Édition persan]. |
| 260 | |aOttawa : |bAgence des services frontaliers du Canada, |cc2015. |
| 300 | |a4 p. |
| 500 | |aTitre français fourni par l’éditeur. |
| 546 | |aTexte en farsi. |
| 710 | 2 |aAgence des services frontaliers du Canada. |
| 775 | 08|tRenseignements à l'intention des personnes détenues en vertu de la Loi sur l'immigration et la protection des réfugiés |w(CaOODSP)9.800549 |
| 791 | |t[Information for people detained under the Immigration and Refugee Protection Act] |eeng|w(CaOODSP)9.800600 |
| 856 | 40|qPDF|s507 Ko|uhttps://publications.gc.ca/collections/collection_2015/asfc-cbsa/PS38-49-2015-per.pdf |
| 986 | |aBSF5012-14 (Farsi) |